000 02014cam a22005054i 4500
003 PE-LiUPU
005 20250731172903.0
008 170116s2016 xxu rb 001 0 eng d
020 _a0310491495
020 _a9780310491491
035 _a(Sirsi) a166095
040 _aPE-LiUPU
_bspa
_cPE-LiUPU
_erda
049 _aPRUA
082 0 4 _a231.044
_bS21
_223
100 1 _aSanders, Fred
_q(Fred R.),
_eautor.
245 1 4 _aThe triune God /
_cFred Sanders.
264 1 _aGrand Rapids, Michigan :
_bZondervan,
_c2016.
300 _a254 páginas ;
_c23 centimetros.
336 _atext
_2rdacontent
337 _aunmediated
_2rdamedia
338 _avolume
_2rdacarrier
490 0 _aNew studies in dogmatics /Michael Allen and Scott R. Swain, general editors
504 _aBibliografía: final de cada capítulo.
504 _aÍndices: páginas 245-254.
505 0 _aIntroduction: the argument of this book -- Argument: Gloria Patri -- Revelation of the triune God -- Communicative missions -- Incatnation and pentecost God who sends God -- Trinitarian exgwsis New covenant arrestation -- Old covenant adumbration -- Theses on the ravelation of the trinity.
526 _aSEG42
526 _aSEG41
526 _aSEG40
526 _aSEG39
526 _aP94
526 _aP87
526 _aP86
526 _aP85
526 _aP77
526 _aP76
526 _aP35
650 0 7 _aDios (cristianismo).
_91578
650 7 _aTrinidad.
_93711
910 _ajck
_bjvq
_cjck
_d20170116.
942 _2ddc
_cBOOK
949 _a231.044 S21
_wDEWEY
_c1
_i75565
_lCATALOGING
_mBUL
_p24.99
_r0
_sY
_tBOOK
_u2017-01-16
_xTEOLOGIA
_zPOSGRADO TEOLOGÍA
_0COMPRA
_o.CIRCNOTE. El documento es de alto precio.
_o.STAFF. Colección Teología
596 _a1
999 _a231.044 S21
_wLC
_c14834
_i75565
_f2021-11-9
_g5
_lCCODEBUL1
_mBUL
_p24.99
_r0
_sY
_tBOOK
_u2017-1-16
_xTEOLOGIA
_PP85
_0COMPRA
_o.STAFF. Colección Teología
_d14834
980 _81
_gALBERTO SANCHEZ Responsable de Automatización